000 00546nam a2200217 a 4500
001 BRCA_4011
005 20190320204519.0
008 160110s1961----nyu#######---#000-0#eng-#
041 _aeng
044 _anyu
050 4 _aPZ3
_b.C87 1961
100 1 _aCurtiss, Ursula.
_910427
245 1 0 _aHours to Kill
_cUrsula Curtiss.
260 _aNueva York
_bDodd, Mead & Co.
_c1961
300 _a192 p.
_c21 cm.
440 0 _aRed badge detective
_910428
500 _aCEF20
650 1 4 _aNovelas policĂ­acas
_9877
902 _aGFM
942 _2lcc
_cB
999 _c3737
_d3737